[Event "Madrid San Viator op 24th"]
[Site "Madrid"]
[Date "2015.03.29"]
[Round "2"]
[White "Martinez Barahona, Ismael"]
[Black "Lopez Mijail, Nicolas"]
[Result "1/2-1/2"]
[WhiteElo "1818"]
[BlackElo "1483"]
[PlyCount "134"]
[EventDate "2015.03.22"]
[EventType "swiss"]
[EventRounds "9"]
[EventCountry "ESP"]
[SourceTitle "EXT 2016"]
[Source "ChessBase"]
[SourceDate "2015.10.08"]
[SourceVersion "1"]
[SourceVersionDate "2015.10.08"]
[SourceQuality "1"]

1. d4 Nf6 2. Bf4 e6 3. e3 b6 4. Bd3 Bb7 5. Nf3 c5 6. Nbd2 cxd4 7. exd4 d6 8. 0-0 Be7 9. Qe2 0-0 10. Rfe1 Nd5 11. Qe4 g6 12. Bh6 Nd7 13. Bxf8 Bxf8 14. Qh4 Be7 15. Qh6 Bf8 16. Qh4 Be7 17. Qg3 N7f6 18. h3 Rc8 19. c3 Nh5 20. Qh2 Nhf4 21. Be4 Ba6 22. g3 Nd3 23. Bxd3 Bxd3 24. Rac1 h5 25. a3 g5 26. c4 Nc7 27. Re3 Bg6 28. g4 h4 29. Rce1 d5 30. Ne5 Bd6 31. Qg2 Bh7 32. Qf1 dxc4 33. Ndxc4 Nd5 34. Rf3 Nf4 35. Rxf4 gxf4 36. Nxd6 Qxd6 37. Rd1 Rc2 38. Qb5 Qc7 39. Nd3 Bxd3 40. Qxd3 Rxb2 41. d5 Qc5 42. Qd4 Qxd4 43. Rxd4 exd5 44. Rxd5 Rb3 45. a4 Rxh3 46. Rd7 a5 47. Rd4 Rb3 48. Rxf4 Rb4 49. Rf6 Rxg4+ 50. Kh2 Rxa4 51. Rxb6 Ra2 52. Ra6 a4 53. Kh3 Ra1 54. Kxh4 a3 55. Kg3 a2 56. Kf3 Kg7 57. Kf4 Kf8 58. Kf5 Ke7 59. f4 Kd7 60. Kf6 Kc7 61. Kxf7 Kb7 62. Ra3 Kb6 63. f5 Kb5 64. f6 Kb4 65. Ra8 Kb3 66. Rb8+ Ka3 67. Ra8+ Kb2 1/2-1/2